| 000 | 00840cam5a220026500 4500 | ||
|---|---|---|---|
| 001 | lce00676436 | ||
| 008 | 710521s1967 ne f b 000 0 eng | ||
| 010 | _a 68121217 | ||
| 015 | _aNeB67-Nov | ||
| 035 | _a(Sirsi) r54980 | ||
| 035 | _a(DLC) 68121217 | ||
| 035 | _a(UPRA)lce00676436 | ||
| 040 | _dUPRA | ||
| 050 | 0 |
_aQK600 _b.P42 vol. 1 |
|
| 082 | _a589/.25 | ||
| 100 | 1 |
_aBrummelen, Johannes van. _6A13821.1 |
|
| 245 | 1 | 2 |
_aA world-monograph of the genera Ascobolus and Saccobolus : _b(Ascomycetes, Pezizales) / _cby J. van Brummelen. |
| 260 |
_aLeiden : _bPrinted by J.J. Green, _c1967. |
||
| 490 | 0 |
_aPersoonia. Supplement v. 1 _6S3270.1 |
|
| 504 | _aBibliography: p. 243-253. | ||
| 650 | 0 |
_aAscobolus. _6S9440.1 |
|
| 650 | 0 |
_aSaccobolus. _6S9441.1 |
|
| 949 |
_aQK600 _wlcc _i-71020 _mMAIN _tBOOK _lON-SHELF |
||
| 004 | 54980 | ||
| 999 |
_c141837 _d141836 |
||